| 000 | 02042cad a22002775a 4500 | ||
|---|---|---|---|
| 008 | 240319t2024 xxka f 000 0 eng d | ||
| 020 | _a9781783215140 | ||
| 035 | _a(Sirsi) u159242 | ||
| 041 | 0 | _aeng | |
| 050 | 0 | 4 | _a346.410435 $2 18 |
| 110 | 2 |
_aRoyal Institution of Chartered Surveyors _94900 |
|
| 245 | 0 | 0 |
_aRights of light _h[electronic resource] |
| 250 | _a3rd edition | ||
| 260 |
_aLondon, _bRICS, _cMarch 2024 |
||
| 300 | _a63p. | ||
| 490 | 0 | _aRICS Professional Standard | |
| 520 | _aThe 3rd edition of the Rights of light professional standard builds upon the established framework of the 2nd edition. Its primary objectives are to: Provide clients with accurate and easily understandable information. Ensure that facts are presented clearly in case of disputes, aiding all parties and their legal advisors. Safeguard the interests of owners, investors, insurance providers, and other stakeholders who rely on a chartered surveyor's report or evaluation of Rights of Light. This includes assessing development viability or evaluating the potential negative impacts of proposed developments by others. Key features of the third edition include updated case law examples, a revised legal RoL protocol, comprehensive coverage of geospatial/measured surveys, insights into insurance and compensation, and guidance on the RoL RICS membership route. Effective from 1st June 2024 | ||
| 520 | _aOther related documents: Rights of Light APC specialist pathway; Checklist of documents relevant to a right of light dispute; A model RoL mediation agreement; A RoL insurance checklist | ||
| 520 | _aSupersedes 2nd edition from 1st June 2024 (ISBN 9781783211371). | ||
| 590 | _aKA | ||
| 651 | 4 | _aEngland and Wales | |
| 690 | _aPROPERTY-PROPERTY MANAGEMENT-EASEMENTS-RIGHTS TO LIGHT DETERMINATION-RIGHTS TO LIGHT | ||
| 690 |
_aRights of light _96267 |
||
| 856 | 4 | 1 |
_uhttps://www.rics.org/content/dam/ricsglobal/documents/standards/rights-of-light-3rd-ed-ps-march-2024.pdf _zAvailable on RICS.org |
| 942 |
_n0 _2ddc |
||
| 999 |
_c121861 _d121861 |
||